BIBLIOTECA

SENCICO

Contratación avanzada del mantenimiento / (Registro nro. 181)

Detalles MARC
000 -LEADER
fixed length control field 02609nam a2200265Ia 4500
003 - CONTROL NUMBER IDENTIFIER
control field PE SENCICO BE
005 - DATE AND TIME OF LATEST TRANSACTION
control field 20251020182429.0
008 - FIXED-LENGTH DATA ELEMENTS--GENERAL INFORMATION
fixed length control field 200515s9999 xx 000 0 und d
020 ## - INTERNATIONAL STANDARD BOOK NUMBER
International Standard Book Number 978-84-7978-798-1
040 ## - CATALOGING SOURCE
Original cataloging agency PE SENCICO BE
Transcribing agency PE SENCICO BE
041 ## - LANGUAGE CODE
Language code of text/sound track or separate title spa
082 ## - DEWEY DECIMAL CLASSIFICATION NUMBER
Classification number 382
Item number G71
100 1# - MAIN ENTRY--PERSONAL NAME
Personal name Gonzáles Fernández, Francisco Javier
9 (RLIN) 2441
Relator term autor
245 10 - TITLE STATEMENT
Title Contratación avanzada del mantenimiento /
Statement of responsibility, etc. Francisco Javier Gonzáles Fernández
260 ## - PUBLICATION, DISTRIBUTION, ETC.
Place of publication, distribution, etc. [Madrid] :
Name of publisher, distributor, etc. Díaz de Santos ;
Date of publication, distribution, etc. 2007
300 ## - PHYSICAL DESCRIPTION
Extent 260 p. :
Other physical details tbl., graf. ;
Dimensions 24 cm.
504 ## - BIBLIOGRAPHY, ETC. NOTE
Bibliography, etc. note Bibliografía: p. 257
505 0# - FORMATTED CONTENTS NOTE
Formatted contents note Introducción y tendencias mundiales -- La externacionalización de los servicios de mantenimiento como estrategia empresarial -- Razones para abordar la externalización -- Ventajas e inconvenientes de la contratación externa -- Cautelas ante la contratación externa -- El caso de los contratos de operación y mantenimiento O&M -- Reflexiones jurídicas sobre los contratos de mantenimiento -- La nueva norma UNE ENV 13269:2003 -- La cesión ilegal de trabajadores o prestamismo laboral -- La subrogación de trabajadores -- La responsabilidad civil en los contratos de mantenimiento -- El seguro en los contratos de mantenimiento -- La prevención de accidentes y la seguridad e higiene en los contratos de mantenimiento -- El proceso de empresas sujetas a la Ley de Contratos de las administraciones públicas -- El proceso adecuado para externalizar -- Preparación de pliegos de condiciones -- La solicitud de ofertas y su comparación -- La redacción y elaboración de los contratos de mantenimiento -- El seguimiento del contrato -- La gestión de los trabajos urgentes -- Calificación de contratistas y subcontratistas -- Ejemplo de un contrato vigente a perfeccionar -- La gestión del conocimiento en los contratos de mantenimiento -- Los nuevos contratos "ganador-ganador" (win to win) -- La utilización de Internet para contratar -- Resumen de factores críticos del éxito en un proceso moderno de contratación del mantenimiento.
520 3# - SUMMARY, ETC.
Summary, etc. La presente obra se pretende , partiendo de las razones que nos mueven y animan mayoritariamente a externalizar, dar pautas, y recomendaciones concretas y fácilmente asumibles por casi todos, para materializar procesos de contratación que permiten implicar a los contratistas como auténticos socios en estos proyectos.
650 10 - SUBJECT ADDED ENTRY--TOPICAL TERM
Topical term or geographic name entry element Contratación externa
9 (RLIN) 2444
650 20 - SUBJECT ADDED ENTRY--TOPICAL TERM
Topical term or geographic name entry element Planificación empresarial
9 (RLIN) 419
650 20 - SUBJECT ADDED ENTRY--TOPICAL TERM
Topical term or geographic name entry element Empresas internacionales
9 (RLIN) 2443
650 20 - SUBJECT ADDED ENTRY--TOPICAL TERM
Topical term or geographic name entry element Planificación estratégica
9 (RLIN) 731
942 ## - ADDED ENTRY ELEMENTS (KOHA)
Koha item type Libros
Source of classification or shelving scheme Dewey Decimal Classification
Existencias
Fecha de la última vez que lo usaron Número de ingreso o de inventario Pago total Signatura topográfica completa Código de barras Precio efectivo desde Tipo de documento Estado perdido Sistema de clasificación Estado dañado No es para préstamo Retirado Ubicación permanente Ubicación actual Fecha de adquisición
15/05/2020 14199   658.4058/G71 BibLima24070077 15/05/2020 Libros   Dewey Decimal Classification       Biblioteca Central Lima Biblioteca Central Lima 15/05/2020
15/05/2020 14091   658.4058/G71/ej. 2 BibLima24070078 15/05/2020 Libros   Dewey Decimal Classification       Biblioteca Central Lima Biblioteca Central Lima 15/05/2020